Čísla, ktoré nás zaujali 400%

Miera inflácie vo Venezuele v roku 2016

Na minha lista:
Detalhes bibliográficos
Autor principal: Pobudová, Daniela, 1982-
Formato: Capítulo de Livro
Idioma:eslovaco
Assuntos:
Tags: Adicionar Tag
Sem tags, seja o primeiro a adicionar uma tag!

MARC

LEADER 00000nla a2200000 4500
001 0229635
005 20240502073759.0
041 0 |a slo 
044 |a SK 
245 1 0 |a Čísla, ktoré nás zaujali  |b 400%  |c Daniela Pobudová 
520 |a Miera inflácie vo Venezuele v roku 2016 
610 2 0 |a inflácia 
610 2 0 |a Venezuela 
610 2 0 |a miera inflácie 
100 1 |a Pobudová, Daniela, 1982-